Welcome to WEB OPAC of MRSPTU Central Library

Production operation management (Record no. 6426)

MARC details
000 -LEADER
fixed length control field 00430nam a2200169Ia 4500
008 - FIXED-LENGTH DATA ELEMENTS--GENERAL INFORMATION
fixed length control field 230711s9999||||xx |||||||||||||| ||und||
020 ## - INTERNATIONAL STANDARD BOOK NUMBER
International Standard Book Number 978-93-5140-373-9
041 ## - LANGUAGE CODE
Language code of text/sound track or separate title ENG
082 ## - DEWEY DECIMAL CLASSIFICATION NUMBER
Classification number 658.1554
Item number GO-P
100 ## - MAIN ENTRY--PERSONAL NAME
Personal name Goel,B.S
245 #0 - TITLE STATEMENT
Title Production operation management
250 ## - EDITION STATEMENT
Edition statement 12th Ed.
260 ## - PUBLICATION, DISTRIBUTION, ETC.
Date of publication, distribution, etc. 2015
Place of publication, distribution, etc. New Delhi
Name of publisher, distributor, etc. Pragati Parkashan Meerut
300 ## - PHYSICAL DESCRIPTION
Extent 576p.
650 ## - SUBJECT ADDED ENTRY--TOPICAL TERM
Topical term or geographic name entry element UNIVESITY BUSNIESS SCHOOL
942 ## - ADDED ENTRY ELEMENTS (KOHA)
Koha item type Book
Holdings
Withdrawn status Lost status Damaged status Not for loan Collection Home library Current library Date acquired Source of acquisition Cost, normal purchase price Inventory number Total checkouts Full call number Barcode Date last seen Price effective from Koha item type Date last checked out
          MRSPTU Central Library MRSPTU Central Library   Krishna Book Distributors 345.00 KBD/2016-2017/963242808   658.1554 GO-P 38310 08/17/2023 08/17/2023 Book  
          MRSPTU Central Library MRSPTU Central Library   Krishna Book Distributors 345.00 KBD/2016-2017/963242808   658.1554 GO-P 38311 08/17/2023 08/17/2023 Book  
          MRSPTU Central Library MRSPTU Central Library   Krishna Book Distributors 345.00 KBD/2016-2017/963242808 1 658.1554 GO-P 38312 10/09/2025 08/17/2023 Book 09/15/2025
          MRSPTU Central Library MRSPTU Central Library   Krishna Book Distributors 345.00 KBD/2016-2017/963242808   658.1554 GO-P 38313 08/17/2023 08/17/2023 Book  
          MRSPTU Central Library MRSPTU Central Library   Krishna Book Distributors 345.00 KBD/2016-2017/963242808   658.1554 GO-P 38314 08/17/2023 08/17/2023 Book  
          MRSPTU Central Library MRSPTU Central Library   Krishna Book Distributors 345.00 KBD/2016-2017/963242808 1 658.1554 GO-P 38315 01/21/2026 08/17/2023 Book 10/24/2025
          MRSPTU Central Library MRSPTU Central Library   Krishna Book Distributors 345.00 KBD/2016-2017/963242808   658.1554 GO-P 38316 08/17/2023 08/17/2023 Book  
          MRSPTU Central Library MRSPTU Central Library   Krishna Book Distributors 345.00 KBD/2016-2017/963242808   658.1554 GO-P 38317 08/17/2023 08/17/2023 Book  
          MRSPTU Central Library MRSPTU Central Library   Krishna Book Distributors 345.00 KBD/2016-2017/963242808   658.1554 GO-P 38318 08/17/2023 08/17/2023 Book  
          MRSPTU Central Library MRSPTU Central Library   Krishna Book Distributors 345.00 KBD/2016-2017/963242808   658.1554 GO-P 38319 08/17/2023 08/17/2023 Book  

Website Designed and Developed by MRSPTU Central Library Team

E-mail Id: librarian@mrsptu.ac.in